NFL Logo Tile Select - Statistics

General Stats
  • This quiz has been taken 9,777 times
  • The average score is 38 of 45
Answer Stats
Question Tile Select % Correct
Which are logos of NFL teams No
99%
Which are logos of NFL teams No
99%
Which are logos of NFL teams No
99%
Which are logos of NFL teams No
98%
Which are logos of NFL teams Yes
98%
Which are logos of NFL teams Yes
97%
Which are logos of NFL teams No
97%
Which are logos of NFL teams Yes
97%
Which are logos of NFL teams Yes
94%
Which of these teams have won Super Bowl's No
92%
Which of these teams have won Super Bowl's No
92%
Which of these teams have won Super Bowl's No
92%
Which of these teams have won Super Bowl's No
92%
Which of these teams have won Super Bowl's Yes
91%
Which of these teams are in the in NFC No
91%
Which of these teams are in the in NFC No
91%
Which Of These NFL Teams Are Named After Animals No
91%
Which of these teams are in the in NFC No
90%
Which of these are NFL teams that are in a state touching the Pacific No
90%
Which of these are NFL teams that are in a state touching the Pacific No
90%
Which of these are NFL teams that are in a state touching the Pacific No
90%
Which Of These NFL Teams Are Named After Animals No
90%
Which Of These NFL Teams Are Named After Animals Yes
89%
Which Of These NFL Teams Are Named After Animals Yes
89%
Which Of These NFL Teams Are Named After Animals No
89%
Which Of These NFL Teams Are Named After Animals Yes
88%
Which of these teams are in the in NFC Yes
87%
Which of these are NFL teams that are in a state touching the Pacific Yes
87%
Which of these teams have won Super Bowl's Yes
86%
Which Of These NFL Teams Are Named After Animals Yes
86%
Which of these are NFL teams that are in a state touching the Pacific Yes
84%
Which of these are NFL teams that are in a state touching the Pacific Yes
83%
Which of these are NFL teams that are in a state touching the Pacific Yes
82%
Which of these teams are in the in NFC Yes
80%
Which of these teams are in the in NFC Yes
80%
Which of these teams are in the in NFC Yes
78%
Which of these teams have won Super Bowl's Yes
76%
Which of these teams have won Super Bowl's Yes
75%
Which Of These NFL Teams Are Named After Animals No
66%
Which Of These NFL Teams Are Named After Animals No
65%
Which of these are NFL teams that are in a state touching the Pacific No
62%
Which of these teams have won Super Bowl's No
61%
Which of these teams are in the in NFC No
57%
Which of these teams are in the in NFC No
56%
Which of these are NFL teams that are in a state touching the Pacific No
55%
No matching quizzes found
Score Distribution
Percent of People with Each Score
Percentile by Number Answered
Your Score History
You have not taken this quiz